Rangeland Management : (Record no. 31836)

000 -LEADER
fixed length control field 00555nam a22001697a 4500
008 - FIXED-LENGTH DATA ELEMENTS--GENERAL INFORMATION
fixed length control field 230809b |||||||| |||| 00| 0 eng d
020 ## - INTERNATIONAL STANDARD BOOK NUMBER
International Standard Book Number 9786139846344
050 ## - LIBRARY OF CONGRESS CALL NUMBER
Classification number SF 85 .I26 2018
100 ## - MAIN ENTRY--PERSONAL NAME
Personal name Ibn Muḥammad, Abī Bakr ibn Ismāʻīl
245 ## - TITLE STATEMENT
Title Rangeland Management :
Statement of responsibility, etc. Abī Bakr ibn Ismāʻīl, Ibn Muḥammad
250 ## - EDITION STATEMENT
Edition statement 1st ed.
260 ## - PUBLICATION, DISTRIBUTION, ETC. (IMPRINT)
Place of publication, distribution, etc. Mauritius:
Name of publisher, distributor, etc. Lambert,
Date of publication, distribution, etc. 2018.
300 ## - PHYSICAL DESCRIPTION
Extent xiv, 252p. ;
Other physical details ill. ;
Dimensions 22 cm
500 ## - GENERAL NOTE
General note includes references.
650 ## - SUBJECT ADDED ENTRY--TOPICAL TERM
Source of heading or term Range management
942 ## - ADDED ENTRY ELEMENTS (KOHA)
Source of classification or shelving scheme
Koha item type Hard Covered Materials
Classification part SF 85 .I26 2018
Holdings
Withdrawn status Lost status Source of classification or shelving scheme Damaged status Not for loan Home library Current library Shelving location Date acquired Source of acquisition Total Checkouts Full call number Barcode Date last seen Price effective from Koha item type
          MACHAKOS UNIVERSITY LIBRARY MACHAKOS UNIVERSITY LIBRARY Open shelf 09/08/2023 Urban books center   SF 85 .I26 2018 39639 09/08/2023 09/08/2023 Hard Covered Materials
© Machakos University Library, Along The Highway, Machakos Wote Rd, Machakos, Kenya P.O. Box 136 - 90100 Machakos - Kenya

Tel: ( +254 ) 723 805829 OR Fax : 044-20353 OR Email: library@mksu.ac.ke